О грядущей России: Избранные статьи

Библиографические подробности
Главный автор: Ильин И. А. Иван Александрович
Язык:русский
Опубликовано: [Б. м.], 1991
Предметы:
Формат: Книга
Запись в KOHA:https://koha.lib.tpu.ru/cgi-bin/koha/opac-detail.pl?biblionumber=19612

MARC

LEADER 00000nam0a2200000 4500
001 19612
005 20231101205305.0
035 |a (RuTPU)RU\TPU\book\19779 
035 |a BOOK00004468 
090 |a 19612 
100 |a 20011209d1991 k y0rusy50 ca 
101 0 |a rus 
105 |a y z 000zy 
200 1 |a О грядущей России  |e Избранные статьи  |f И. А. Ильин 
210 |a [Б. м.]  |d 1991 
215 |a 367 с. 
606 1 |a Русская философия  |x история  |z 20 в.  |2 stltpush  |3 (RuTPU)RU\TPU\subj\67507  |9 83282 
610 1 |a философия 
610 1 |a история 
610 1 |a 20 век 
610 1 |a Россия 
610 1 |a государство 
610 1 |a русский народ 
610 1 |a свобода 
610 1 |a русская идея 
686 |a Ю3(2)6  |v LBC/SL-A  |2 rubbk 
700 1 |a Ильин  |b И. А.  |c русский религиозный философ  |f 1882-1954  |g Иван Александрович  |2 stltpush  |3 (RuTPU)RU\TPU\pers\1220  |9 544 
801 0 |a RU  |b 63413507  |c 20011209  |g PSBO 
801 2 |a RU  |b 63413507  |c 20141007  |g PSBO 
942 |c BK